Guess the Nirvana Song - Statistics

General Stats
  • This quiz has been taken 1,589 times
  • The average score is 15 of 23
Answer Stats
Hint Answer % Correct
Load up on guns, bring your friends Smells Like Teen Spirit
96%
I'm so ugly, but that's ok, 'cause so are you Lithium
89%
Doused in mud; Soaked in bleach; As I want you to be Come As You Are
87%
It isn't me; We have some seed; Let me clip Polly
85%
Hate me; Do it and do it agin; Waste me Rape Me
80%
Meat-eating orchids forgive no one just yet; Cut myself on angel's hair and baby's breath Heart-Shaped Box
78%
Even if you have; Even in you need; I don't mean to stare Breed
77%
I need an easy friend; I do with an ear to lend About A Girl
76%
Underneath the bridge; The tarp has sprung a leak Something In The Way
75%
Nature is a whore In Bloom
71%
The sun is gone; But I have a light; The day is done; But I'm having fun Dumb
70%
I love myself better than you; I know it's wrong so what should I do? On a Plain
68%
Chew your meat for you; Pass it back and forth; In a passionate kiss Drain You
66%
I'm so tired and I can't sleep; I'm anemic royalty; I'm a liar and a thief Pennyroyal Tea
65%
In the pines, in the pines; Where the sun don't ever shine Where Did You Sleep Last Night
61%
Won't you believe it; It's just my luck School
56%
She should have died whe she was born; She should have worn a crown of thorns Been a Son
52%
Daddy's little girl ain't a girl no more Negative Creep
51%
She keeps it pumpin' straight to my heart Aneurysm
48%
She'd take me anywhere; As long as she stays with me Molly's Lips
39%
There's nothing on the top but a bucket and a mop; And an illustrated book about birds Plateau
35%
Straight as an arrow; Defect, defect; Not straight, not so straight D-7
25%
Out of town, out of sight, is my heart; Queen of lies, everyday in my heart Tourette's
21%
No matching quizzes found
Score Distribution
Percent of People with Each Score
Percentile by Number Answered
Your Score History
You have not taken this quiz